000 00295nam a22001337a 4500
008 170511b xxu||||| |||| 00| 0 eng d
020 _a9780314782601
041 _aeng
080 _24TH
_a4TH
100 _a15
101 _aSHJ
245 _aJUVENILE DELINQUENCY
_cSIEGEL,L.J
942 _2udc
_cBK
999 _c13163
_d13163